000 01928cam a22002655i 4500
001 23788738
005 20250916083043.0
008 240719s2024 mau 000 0 eng
010 _a 2024942837
020 _a9781035316335
_q(hardback)
020 _z9781035316328
_q(ebook)
035 _a23788738
040 _aDLC
_beng
_erda
_cDLC
041 _aEnglish
042 _apcc
100 _aCheffins, Brian R,
_eauthor.
_925893
245 1 0 _aAdvanced Introduction to Corporate Governance Law and Regulation
_c/ Brian R Cheffins.
250 _aFirst edition
264 1 _aNorthampton :
_bEdward Elgar Publishing,
_c2024.
300 _a282 pages
520 _aAdvanced Introduction to Corporate Governance Law and Regulation provides a key overview of the facets of corporate law essential to the governance of publicly traded companies. Brian R. Cheffins deploys a robust theoretical and multijurisdictional framework to analyse the elements of corporate law crucial for governance, offering incisive insights into both corporate law and corporate governance. Chapters use an influential ‘contractarian’ approach to corporate law to explain the operation of public companies and consider company governance codes and systems; the role of the board and shareholders; and executive pay. Key Features: ● Offers multijurisdictional perspectives on corporate governance law. ● Scrutinises the legal aspects of crucial corporate governance topics. ● Employs a robust theoretical approach, building upon ‘contractarian’ analysis. This authoritative Advanced Introduction will be a vital read for legal scholars and students of corporate governance and corporate law. It is also beneficial for professionals interested in further understanding the legal aspects of governance of public companies.
_cProvided by publisher.
650 0 _aCorporation law
_95125
942 _2lcc
999 _c4948
_d4948